Los fundamentos de la filosofía del derecho /

Guardado en:
Autor Principal: Gentile, Giovanni
Formato: Libro
Idioma:Spanish
Publicado: Buenos Aires : Losada, 1944
Edición:3a. ed.
Materias:
Etiquetas: Agregar Etiqueta
Sin Etiquetas, Sea el primero en etiquetar este registro!
LEADER 00747nam a22001575a 4500
001 DER.der012095
008 180615s1944####ag#||||||||||||||#||spa||
005 20241111123423.0
245 1 0 |a Los fundamentos de la filosofía del derecho /  |c Giovanni Gentile 
250 |a 3a. ed. 
260 |a Buenos Aires :  |b Losada,  |c 1944 
300 |a 173 p. 
505 0 |a Introducción al estudio de la filosofía práctica o de la vida moral -- La necesidad y la tarea de la filosofía del derecho -- La realidad como pensamiento -- La realidad moral -- El desenvolvimiento, el individuo y la sociedad -- La moral y el derecho -- El Estado -- La Política. 
100 1 |a Gentile, Giovanni 
650 7 |a Filosofía del Derecho  |2 SAIJ 
859 |a DERECHO  |b BIB. DERECHO  |h 340.1  |i GEN  |p 006832